000
00273nam a22000977a 4500
999
_c
11371
_d
11371
008
190402b ||||| |||| 00| 0 eng d
020
_a
9788177000252
100
_a
Arora Sumit
_9
7109
245
_a
Computer Science with C++ Class-XI
260
_a
New Delhi
_b
Dhanpat Rai & Co
_c
2013